Closest Capitals to Tunguska Quiz Stats

Quiz not verified by Sporcle

Challenge
Share
Tweet
Embed
Score 0/31 Timer 04:00
0 Plays Today
Rank # Capital City % Correct
21Moscow
89.7%
1Ulaanbaatar
87.2%
2Beijing
87.2%
3Astana
84.6%
6Seoul
84.6%
5Bishkek
84.6%
7Tashkent
84.6%
22Baku
84.6%
15Tokyo
84.6%
24Tehran
84.6%
4Pyongyang
82.1%
9Dushanbe
82.1%
27Yerevan
82.1%
25Tbilisi
82.1%
12Kabul
82.1%
11Islamabad
82.1%
Rank # Capital City % Correct
10Kathmandu
82.1%
14New Delhi
79.5%
16Taipei
79.5%
29Minsk
79.5%
13Dhaka
79.5%
8Thimphu
76.9%
26Manila
76.9%
23Bangkok
76.9%
17Hanoi
76.9%
19Ashgabat
74.4%
31Kiev
71.8%
20Vientiane
71.8%
30Riga
69.2%
28Tallinn
69.2%
18Naypyidaw
69.2%

You're not logged in!

Compare scores with friends on all Sporcle quizzes.
Sign Up with Email
OR
Log In

You Might Also Like...

Show Comments

Extras

Top Quizzes Today


Score Distribution

Your Account Isn't Verified!

In order to create a playlist on Sporcle, you need to verify the email address you used during registration. Go to your Sporcle Settings to finish the process.